Normal view MARC view

Entry Personal Name

Number of records used in: 1

001 - CONTROL NUMBER

  • control field: 8959

003 - CONTROL NUMBER IDENTIFIER

  • control field: DLC

005 - DATE AND TIME OF LATEST TRANSACTION

  • control field: 20220103134931.0

008 - FIXED-LENGTH DATA ELEMENTS

  • fixed length control field: 820628n| azannaabn |a aaa

010 ## - LIBRARY OF CONGRESS CONTROL NUMBER

  • LC control number: n 82075429

035 ## - SYSTEM CONTROL NUMBER

  • System control number: (OCoLC)oca00772171

040 ## - CATALOGING SOURCE

  • Original cataloging agency: DLC
  • Language of cataloging: eng
  • Description conventions: rda
  • Transcribing agency: DLC
  • Modifying agency: OCoLC
  • Modifying agency: DLC
  • Modifying agency: OCUCA

046 ## - SPECIAL CODED DATES

  • Birth date: 18580326
  • Death date: 19461214

100 1# - HEADING--PERSONAL NAME

  • Personal name: Osborn, Albert S.
  • Fuller form of name: (Albert Sherman),
  • Dates associated with a name: 1858-1946

370 ## - ASSOCIATED PLACE

  • Place of birth: Sharon, Mich.
  • Associated country: U.S.

373 ## - ASSOCIATED GROUP

  • Associated group: American Society of Questioned Document Examiners
  • Source of term: naf
  • Start period: 1942
  • End period: 1946

374 ## - OCCUPATION

  • Occupation: Legal documents--Identification
  • Occupation: Writing--Identification
  • Source of term: lcsh

375 ## - GENDER

  • Gender: male

377 ## - ASSOCIATED LANGUAGE

  • Language code: eng

378 ## - FULLER FORM OF PERSONAL NAME

  • Fuller form of personal name: Albert Sherman

400 1# - SEE FROM TRACING--PERSONAL NAME

  • Control subfield: nnaa
  • Personal name: Osborn, Albert Sherman,
  • Dates associated with a name: 1858-1946

400 1# - SEE FROM TRACING--PERSONAL NAME

  • Personal name: Osborn, A. S.
  • Fuller form of name: (Albert Sherman),
  • Dates associated with a name: 1858-1946

670 ## - SOURCE DATA FOUND

  • Source citation: His Typewriting expert testimony, 1904.

670 ## - SOURCE DATA FOUND

  • Source citation: His The mind of the juror as judge of facts, 1982, c1937:
  • Information found: CIP t.p. (Albert S. Osborn)

670 ## - SOURCE DATA FOUND

  • Source citation: Seventy lessons in spelling, revised, c1906:
  • Information found: title page (A.S. Osborn)

670 ## - SOURCE DATA FOUND

  • Source citation: Who was who in America, 1943-1950:
  • Information found: (Osborn, Albert Sherman; author; born, Sharon, Michigan, March 26, 1858; examiner of questioned documents since 1887; President of the American Society of Questioned Document Examiners since 1942; died, December 14, 1946)

670 ## - SOURCE DATA FOUND

  • Source citation: OCLC search, May 14, 2013:
  • Information found: (heading: Osborn, Albert Sherman, 1858-1946; Osborn, Albert Sherman; Osborn, Albert Sherman, 1858-; Osborn, Albert S. (Albert Sherman), 1858-1946; Osborn, Albert S.; usage: Albert S. Osborn; A.S. Osborn)

Powered by Koha